000 00887nam a2200253Ia 4500
003 OSt
005 20220923215424.0
006 a|||||r|||| 00| 0
007 ta
008 220922b |||||||| |||| 00| 0 hin d
024 _a178,611
037 _cTextual
040 _aARTS
_cARTS
_bhin
041 _2hin
_ahin
082 _aO152,1M86:g, M8
100 _aशुक्ल, ललित, संपा.
245 0 _aमैथिलीशरण गुप्त
_b युग और कविता
246 _aMaithilīsharaṇ gupta: yug aur kavitā
260 _aनई दिल्ली
_b समानान्तर प्रकाशन
_c1988
300 _a171 पृ.
_ccm.
650 _aहिन्दी साहित्य
_9156264
942 _hO152,1M86:g, M8
_cTEXL
_2CC
999 _c331993
_d331993